[Event "SLO-ch blind int 11th"]
[Site "Izola"]
[Date "2015.06.12"]
[Round "6"]
[White "Mohammadalizadeh, Erfan"]
[Black "Popovic, Dragi"]
[Result "1-0"]
[WhiteElo "1595"]
[BlackElo "1757"]
[PlyCount "25"]
[EventDate "2015.06.08"]
[EventType "swiss"]
[EventRounds "7"]
[EventCountry "SLO"]
[SourceTitle "EXT 2024"]
[Source "ChessBase"]
[SourceDate "2023.10.10"]
[SourceVersion "1"]
[SourceVersionDate "2023.10.10"]
[SourceQuality "1"]

1. d4 d5 2. Nf3 Nf6 3. e3 e6 4. Bd3 c5 5. c3 Nc6 6. Nbd2 a6 7. 0-0 c4 8. Bc2 b5 9. e4 dxe4 10. Nxe4 Nd5 11. Re1 Be7 12. Ne5 0-0 13. Nxc6 1-0

[Event "Ljubljana Winter op"]
[Site "Ljubljana"]
[Date "2012.03.13"]
[Round "6"]
[White "Markoja, Sebastijan"]
[Black "Popovic, Dragi"]
[Result "1-0"]
[WhiteElo "1963"]
[BlackElo "1942"]
[PlyCount "73"]
[EventDate "2012.01.04"]
[EventType "swiss"]
[EventRounds "9"]
[EventCountry "SLO"]
[SourceTitle "EXT 2023"]
[Source "ChessBase"]
[SourceDate "2022.10.05"]
[SourceVersion "1"]
[SourceVersionDate "2022.10.05"]
[SourceQuality "1"]

1. e4 e5 2. Nf3 Nc6 3. Bc4 Bc5 4. 0-0 Nf6 5. d4 Bxd4 6. Nxd4 Nxd4 7. f4 Nc6 8. Nc3 0-0 9. f5 a6 10. Bg5 Nd4 11. Nd5 c6 12. Nxf6+ gxf6 13. Bh6 Kh8 14. Bxf8 Qxf8 15. c3 Nb5 16. Bxb5 axb5 17. Qd2 Ra4 18. b4 Qg8 19. Qd6 Qd8 20. Rf3 Ra6 21. Rg3 c5 22. Qxc5 Rc6 23. Qxb5 Qc7 24. Qd3 Qd8 25. Rd1 Ra6 26. Qd2 Qf8 27. h3 Rc6 28. Rd3 Qg7 29. Kh2 h6 30. a4 Qg5 31. Qxg5 hxg5 32. Re3 Kg7 33. Rd5 Rc4 34. Rc5 Rxc5 35. bxc5 Kf8 36. Rd3 Ke7 37. Rd6 1-0

[Event "Ljubljana-chT 65th 1st League"]
[Site "Ljubljana"]
[Date "2012.01.26"]
[Round "3.2"]
[White "Leben, Dusan"]
[Black "Popovic, Dragi"]
[Result "1-0"]
[WhiteElo "1788"]
[BlackElo "1942"]
[PlyCount "25"]
[EventDate "2012.01.12"]
[EventType "team-tourn"]
[EventRounds "9"]
[EventCountry "SLO"]
[SourceTitle "EXT 2022"]
[Source "ChessBase"]
[SourceDate "2021.10.06"]
[SourceVersion "1"]
[SourceVersionDate "2021.10.06"]
[SourceQuality "1"]
[WhiteTeam "Podpec"]
[BlackTeam "Ljubljana Karel Jeraj"]
[WhiteTeamCountry "SLO"]
[BlackTeamCountry "SLO"]

1. e4 e5 2. Nf3 Nc6 3. d4 d6 4. dxe5 Nxe5 5. Nxe5 dxe5 6. Qxd8+ Kxd8 7. Nc3 c6 8. Bc4 Ke7 9. Be3 f6 10. 0-0-0 Bg4 11. f3 Bh5 12. Rd2 Be8 13. Bc5# 1-0

[Event "Ljubljana-chT 64th 2nd League"]
[Site "Ljubljana"]
[Date "2011.02.10"]
[Round "4.1"]
[White "Popovic, Dragi"]
[Black "Jeglic, Uros"]
[Result "1-0"]
[WhiteElo "1699"]
[BlackElo "1540"]
[PlyCount "139"]
[EventDate "2011.01.13"]
[EventType "team-tourn"]
[EventRounds "9"]
[EventCountry "SLO"]
[SourceTitle "EXT 2022"]
[Source "ChessBase"]
[SourceDate "2021.10.06"]
[SourceVersion "1"]
[SourceVersionDate "2021.10.06"]
[SourceQuality "1"]

1. d4 d5 2. c4 Nf6 3. Nf3 e6 4. e3 c5 5. cxd5 Nxd5 6. dxc5 Qa5+ 7. Bd2 Qxc5 8. Nc3 Be7 9. Be2 0-0 10. 0-0 Nc6 11. Nxd5 Qxd5 12. Bc3 Qd8 13. Qc2 Bf6 14. Rad1 Qe7 15. a3 Bxc3 16. Qxc3 e5 17. Bb5 e4 18. Bxc6 bxc6 19. Nd4 c5 20. Nb3 Ba6 21. Rfe1 Rac8 22. Rd2 Bd3 23. Nc1 c4 24. Ne2 f5 25. Nf4 Kh8 26. Rc1 Qd7 27. Ne2 Rb8 28. Nd4 f4 29. exf4 Rxf4 30. Ne2 Rf6 31. Ng3 Qe6 32. Re1 Rbf8 33. Qd4 Rf4 34. Qxa7 Qc6 35. Qd4 e3 36. Qxe3 Qb5 37. Qe5 Qxe5 38. Rxe5 Rb8 39. Re1 Rf6 40. f3 Rfb6 41. Nh5 g6 42. Nf4 Rxb2 43. Rxb2 Rxb2 44. Nxd3 cxd3 45. Rd1 Rb3 46. a4 Ra3 47. a5 Rxa5 48. Rxd3 Kg7 49. Kf2 h5 50. h3 Kf6 51. g3 Kf5 52. g4+ hxg4 53. hxg4+ Ke5 54. Kg3 g5 55. Re3+ Kf6 56. Rb3 Ra6 57. f4 gxf4+ 58. Kxf4 Ra4+ 59. Kg3 Kg5 60. Rb5+ Kf6 61. Kh4 Ra6 62. Rb8 Re6 63. Rg8 Kf7 64. Rg5 Rh6+ 65. Rh5 Rxh5+ 66. Kxh5 Kg7 67. Kg5 Kg8 68. Kg6 Kf8 69. Kh7 Kf7 70. g5 1-0

[Event "Ljubljana-chT 64th 2nd League"]
[Site "Ljubljana"]
[Date "2011.01.20"]
[Round "2.3"]
[White "Popovic, Dragi"]
[Black "Mihelic, Bojan"]
[Result "0-1"]
[WhiteElo "1699"]
[BlackElo "1623"]
[PlyCount "112"]
[EventDate "2011.01.13"]
[EventType "team-tourn"]
[EventRounds "9"]
[EventCountry "SLO"]
[SourceTitle "EXT 2022"]
[Source "ChessBase"]
[SourceDate "2021.10.06"]
[SourceVersion "1"]
[SourceVersionDate "2021.10.06"]
[SourceQuality "1"]

1. d4 e6 2. c4 Bb4+ 3. Bd2 Bxd2+ 4. Qxd2 d5 5. Nf3 Nf6 6. Nc3 0-0 7. e3 Nbd7 8. cxd5 exd5 9. Bd3 c5 10. 0-0 a6 11. Be2 c4 12. a4 b6 13. Qc2 Re8 14. b3 cxb3 15. Qxb3 Bb7 16. Rfc1 Rc8 17. Bd3 Nf8 18. Rab1 Ne4 19. Ne2 Rxc1+ 20. Rxc1 Qd6 21. g3 g6 22. Rc2 Rb8 23. Qb1 Nd7 24. Qc1 Qb4 25. Qa1 Qb3 26. Ne1 Qb4 27. Rb2 Qd6 28. Qa2 Nef6 29. Nc2 a5 30. Ne1 Ra8 31. Nf3 Ba6 32. Bb5 Bxb5 33. Rxb5 Ne4 34. Qxd5 Qxd5 35. Rxd5 Ndf6 36. Rb5 Nd7 37. Ne5 Nxe5 38. Rxe5 Nf6 39. Rb5 Nd7 40. Nf4 Rc8 41. Rb2 Rc4 42. Ra2 Rb4 43. Kf1 Nf6 44. f3 g5 45. Nd3 Rb3 46. Ke2 Nd5 47. Kd2 Rxd3+ 48. Kxd3 Nb4+ 49. Kc4 Nxa2 50. Kb5 Nc3+ 51. Kxb6 Nxa4+ 52. Kxa5 Nc3 53. e4 Kf8 54. Kb6 Ke7 55. Kc6 Ne2 56. Kc7 Nxd4 0-1

[Event "SLO-ch blind int 8th"]
[Site "Izola"]
[Date "2009.06.17"]
[Round "4"]
[White "Popovic, Dragi"]
[Black "Lapadatu, Teodor"]
[Result "1/2-1/2"]
[WhiteElo "1718"]
[BlackElo "1500"]
[PlyCount "98"]
[EventDate "2009.06.15"]
[EventType "swiss"]
[EventRounds "7"]
[EventCountry "SLO"]
[SourceTitle "EXT 2011"]
[Source "ChessBase"]
[SourceDate "2010.11.26"]
[SourceVersion "1"]
[SourceVersionDate "2010.11.26"]
[SourceQuality "1"]

1. d4 Nf6 2. Nf3 g6 3. b3 Bg7 4. Bb2 0-0 5. e3 d5 6. Be2 Nbd7 7. 0-0 c6 8. Re1 Ne4 9. c4 e6 10. Nbd2 Ndf6 11. Qc2 Re8 12. Bd3 Nd6 13. Rac1 Nd7 14. Ba3 Nf5 15. cxd5 cxd5 16. Qc7 Nh4 17. Qxd8 Nxf3+ 18. Nxf3 Rxd8 19. Rc2 Bf8 20. Bb2 Bd6 21. Rec1 Nf6 22. h3 Bd7 23. Kf1 Rac8 24. Ke2 Rxc2+ 25. Rxc2 Rc8 26. Rxc8+ Bxc8 27. Nd2 Bd7 28. Nb1 Kf8 29. Nc3 Ke7 30. f3 Bb4 31. Nd1 Bc6 32. a3 Bd6 33. b4 a6 34. Nc3 Nd7 35. e4 Nb6 36. Ke3 Na4 37. Nxa4 Bxa4 38. e5 Bc7 39. g4 Kf8 40. f4 Bd8 41. Bc3 Bc6 42. Be1 Bd7 43. Be2 h6 44. h4 Be7 45. Kf3 Bd8 46. Kg3 Kg7 47. Bd2 f5 48. Bd1 fxg4 49. Kxg4 h5+ 1/2-1/2

[Event "Ljubljana-chT 62nd 3rd League"]
[Site "Ljubljana"]
[Date "2009.01.22"]
[Round "3.3"]
[White "Popovic, Dragi"]
[Black "Hozdic, Idriz"]
[Result "1/2-1/2"]
[WhiteElo "1718"]
[BlackElo "1546"]
[PlyCount "130"]
[EventDate "2009.01.08"]
[EventType "team-tourn"]
[EventRounds "10"]
[EventCountry "SLO"]
[SourceTitle "EXT 2022"]
[Source "ChessBase"]
[SourceDate "2021.10.06"]
[SourceVersion "1"]
[SourceVersionDate "2021.10.06"]
[SourceQuality "1"]

1. d4 d5 2. c4 dxc4 3. e3 e6 4. Bxc4 Nf6 5. Nf3 Bb4+ 6. Nbd2 Bxd2+ 7. Bxd2 0-0 8. 0-0 b6 9. Bb4 Re8 10. Ne5 Bb7 11. Rc1 Nd5 12. Ba3 f6 13. Nd3 a6 14. b3 b5 15. Bxd5 Qxd5 16. f3 Qd8 17. Qc2 c6 18. Nc5 Bc8 19. Ne4 a5 20. Nd6 b4 21. Nxe8 bxa3 22. Nxg7 Kxg7 23. Qc5 Ba6 24. Rfe1 Bb5 25. Qxa3 Na6 26. Qb2 Nb4 27. Qd2 Nd3 28. a4 Nxe1 29. axb5 Nxf3+ 30. gxf3 cxb5 31. Rc5 a4 32. Qc2 a3 33. Qa2 b4 34. f4 Kf7 35. Rc2 Rc8 36. Rg2 Qc7 37. h3 Qc3 38. Qe2 Ke7 39. Kh2 a2 40. Qxa2 Kf7 41. Qa4 Rc7 42. Qa8 Rc8 43. Qe4 f5 44. Qe5 Qc6 45. Rg7+ Ke8 46. Rg8+ Ke7 47. Qg7+ Kd6 48. Rxc8 Qxc8 49. Qe5+ Kd7 50. Qb5+ Qc6 51. Qxb4 Qf3 52. Qd2 Kc7 53. Qa5+ Kd6 54. Qd2 h5 55. b4 h4 56. Qe1 Kc6 57. Qh1 Qxh1+ 58. Kxh1 Kb5 59. Kg2 Kxb4 60. Kf3 Kc3 61. Ke2 Kc2 62. Ke1 Kd3 63. Kf2 Kd2 64. Kf3 Kd3 65. Kf2 Kd2 1/2-1/2